| 000 | 00597nam a2200193Ia 4500 | ||
|---|---|---|---|
| 001 | 18016 | ||
| 003 | GE_BSU | ||
| 008 | 181216s||||||||xx |||||||||||||| ||und|| | ||
| 040 | _cGE_BSU | ||
| 080 | _a811.353.1(058) | ||
| 245 | _aფილოლოგიური ძიებანი. I | ||
| 245 | _cრედ, ბ.კიკვიძე | ||
| 260 | _aთბილისი | ||
| 260 | _bსაქ. სსრ მეცნ. აკად. გამ-ბა | ||
| 260 | _c1964 | ||
| 300 | _a179გვ.26სმ. | ||
| 653 | _aფილოლოგიური ძიებანი I | ||
| 942 | _cBK | ||
| 999 |
_c51059 _d51059 |
||